<?xml version="1.0" encoding="UTF-8"?><?xml-stylesheet type="text/xsl" href="static/style.xsl"?><OAI-PMH xmlns="http://www.openarchives.org/OAI/2.0/" xmlns:xsi="http://www.w3.org/2001/XMLSchema-instance" xsi:schemaLocation="http://www.openarchives.org/OAI/2.0/ http://www.openarchives.org/OAI/2.0/OAI-PMH.xsd"><responseDate>2026-04-14T03:22:17Z</responseDate><request verb="GetRecord" identifier="oai:www.recercat.cat:10230/69661" metadataPrefix="marc">https://recercat.cat/oai/request</request><GetRecord><record><header><identifier>oai:recercat.cat:10230/69661</identifier><datestamp>2025-12-22T13:32:09Z</datestamp><setSpec>com_2072_6</setSpec><setSpec>col_2072_452952</setSpec></header><metadata><record xmlns="http://www.loc.gov/MARC21/slim" xmlns:dcterms="http://purl.org/dc/terms/" xmlns:xsi="http://www.w3.org/2001/XMLSchema-instance" xmlns:doc="http://www.lyncode.com/xoai" xsi:schemaLocation="http://www.loc.gov/MARC21/slim http://www.loc.gov/standards/marcxml/schema/MARC21slim.xsd">
   <leader>00925njm 22002777a 4500</leader>
   <datafield ind2=" " ind1=" " tag="042">
      <subfield code="a">dc</subfield>
   </datafield>
   <datafield ind2=" " ind1=" " tag="720">
      <subfield code="a">Salvador-Mata, Bertran</subfield>
      <subfield code="e">author</subfield>
   </datafield>
   <datafield ind2=" " ind1=" " tag="720">
      <subfield code="a">Cortiñas Rovira, Sergi</subfield>
      <subfield code="e">author</subfield>
   </datafield>
   <datafield ind2=" " ind1=" " tag="260">
      <subfield code="c">2025-02-20T13:16:59Z</subfield>
   </datafield>
   <datafield ind2=" " ind1=" " tag="260">
      <subfield code="c">2025-02-20T13:16:59Z</subfield>
   </datafield>
   <datafield ind2=" " ind1=" " tag="260">
      <subfield code="c">2020</subfield>
   </datafield>
   <datafield ind2=" " ind1=" " tag="520">
      <subfield code="a">Given the expansion of pseudoscience, there is a need to understand its mechanisms of diffusion. Our aim was to evaluate how pseudoscience operates among pharmacists. We performed 29 semitructured interviews to assess the stance of pharmacists regarding pseudoscience. Interview data were analysed qualitatively to seek common themes. Our results indicate that although pharmacists were broadly opposed to more extreme pseudoscientific practices, some attitudes were detected that may contribute to pseudoscience acceptance. We identified some of the processes by means of which pseudoscience boundaries with science are blurred: the minimization of risk, the hierarchy of health-related pseudoscientific therapies, inappropriate utilization of the notion of “innocuousness” and the use of the placebo effect as a justification for prescription. Discursive patterns typical of pseudoscientific argumentation were also recognized, such as contradictory arguments and the sequndum quid and ad antiquitatem fallacies, which, we conclude, may contribute to a greater acceptance of pseudoscience.</subfield>
   </datafield>
   <datafield ind2=" " ind1=" " tag="520">
      <subfield code="a">This work was supported by the Spanish Ministry of Economy and
Competitiveness through a competitive R+D+i project under Grant number (CSO 2014-
54614; 2015–2017).</subfield>
   </datafield>
   <datafield tag="653" ind2=" " ind1=" ">
      <subfield code="a">Pharmacist</subfield>
   </datafield>
   <datafield tag="653" ind2=" " ind1=" ">
      <subfield code="a">Pseudoscience</subfield>
   </datafield>
   <datafield tag="653" ind2=" " ind1=" ">
      <subfield code="a">Boundary-work</subfield>
   </datafield>
   <datafield tag="653" ind2=" " ind1=" ">
      <subfield code="a">Sociology of science</subfield>
   </datafield>
   <datafield tag="653" ind2=" " ind1=" ">
      <subfield code="a">Philosophy of science</subfield>
   </datafield>
   <datafield ind2="0" ind1="0" tag="245">
      <subfield code="a">Pharmacists’ attitudes to and perceptions of pseudoscience: how pseudoscience operates in health and social communication</subfield>
   </datafield>
</record></metadata></record></GetRecord></OAI-PMH>